Which Football Players are from England? - Statistics

General Stats
  • This quiz has been taken 61 times
  • The average score is 8 of 9
Answers on the Grid
Answers color-coded by a green-red scale on the quiz's grid according to % correct below.
Cristiano Ronaldo
Harry Kane
Luka Modric
Leroy Sane
Kyle Walker
Lionel Messi
Jack Grealish
Cole Palmer
Joao Pedro
Wayne Rooney
Karim Benzema
Ronaldo Nazario
John Terry
Kylian Mbappe
David Beckham
Donald Trump
LIam Delap
Sergio Ramos
Neymar Jr.
Phil Foden
 
Answer Stats
Answer % Correct
David Beckham
94%
Harry Kane
94%
Cole Palmer
87%
Jack Grealish
87%
Phil Foden
87%
Wayne Rooney
87%
John Terry
81%
Kyle Walker
81%
LIam Delap
68%
No matching quizzes found
Score Distribution
Percent of People with Each Score
Percentile by Number Answered
Your Score History
You have not taken this quiz